[Event "Sautron op 14th"]
[Site "Sautron"]
[Date "2014.10.26"]
[Round "8"]
[White "Letendre, Gaspar"]
[Black "Picard, Remi"]
[Result "0-1"]
[WhiteElo "1550"]
[BlackElo "2092"]
[PlyCount "50"]
[EventDate "2014.10.26"]
[EventType "swiss"]
[EventRounds "9"]
[EventCountry "FRA"]
[SourceTitle "EXT 2016"]
[Source "ChessBase"]
[SourceDate "2015.10.08"]
[SourceVersion "1"]
[SourceVersionDate "2015.10.08"]
[SourceQuality "1"]

1. d4 Nf6 2. c4 g6 3. Nc3 Bg7 4. Nf3 0-0 5. Bf4 d6 6. e3 Nfd7 7. Be2 e5 8. Bg3 Nc6 9. 0-0 h6 10. Qd2 f5 11. h3 e4 12. Ne1 g5 13. Nc2 Nf6 14. Rfd1 Ne7 15. c5 d5 16. Nb5 Ne8 17. Bh5 a6 18. Bxe8 axb5 19. Bxb5 Ng6 20. Be2 f4 21. Bh2 f3 22. Bf1 fxg2 23. Bxg2 Nh4 24. Bg3 Bxh3 25. Bxh3 Nf3+ 0-1